Audítorské postupy podporované počítačom (dokumentácia identifikácie a posúdenie rizík štatutárneho auditu) diplomová práca

Salvato in:
Dettagli Bibliografici
Autore principale: Kyšová, Denisa
Ente Autore: Fakulta hospodárskej informatiky EU. Katedra účtovníctva a audítorstva
Altri autori: Kicová, Marianna
Natura: Libro
Lingua:slovacco
Pubblicazione: Bratislava 2019
Tags: Aggiungi Tag
Nessun Tag, puoi essere il primo ad aggiungerne!!

MARC

LEADER 00000nbm a2200000 4500
001 0255986
005 20240807085620.9
041 0 |a slo 
044 |a SK 
245 1 0 |a Audítorské postupy podporované počítačom (dokumentácia identifikácie a posúdenie rizík štatutárneho auditu)  |b diplomová práca  |c Denisa Kyšová ; školiteľ: Marianna Kicová 
264 1 |a Bratislava  |c 2019 
300 |a 80 s. 
100 1 |a Kyšová, Denisa 
700 1 |a Kicová, Marianna 
710 2 |a Fakulta hospodárskej informatiky EU. Katedra účtovníctva a audítorstva